000 00718nam a22002417a 4500
003 UA-OsUOA
001 68907
007 ta
008 20100525b un ||||| |||| 00| 0 ukr d
100 _aНиколайчук И. А.
090 _a343.364
_bН63
942 _cBK
040 _aUA-OsUOA
_brus
_cUA-OsUOA
_dUA-OsUOA
245 _aСокрытие преступлений как форма противодействия расследованию
_bМонография
300 _a233 с.
955 _a2
041 _arus
080 _a343.364
020 _a589601-037-0
260 _aМ.
_c2000
650 7 _a343 Кримінальне право. Карні порушення
_2UDC
999 _c355195
_d355195